Trouve le disney ou pixar #3 - Statistiques

Statistiques générales
  • Ce quiz a été pris 833 fois
  • Le résultat moyen est 8 sur 10
Statistiques - réponses
Hint Indice Réponse % Correct
2 Nains, pomme Blanche neige
100%
7 Voleur, tapis volant Aladdin
98%
6 Sirène, voix La petite sirène
96%
4 Grèce, pégase Hercule
92%
10 Arc, triplés Rebelle
81%
5 Renard, chien Rox et Rouky
81%
9 Robot Wall E
80%
1 Grande ville, animaux Zootopie
78%
8 Cow girl, jouet Toy story 2
65%
3 Princesse, dragon Mulan
55%
Aucun quiz correspondant
Distribution des résultats
% des personnes avec chaque résultat
Percentile par nombre de réponses
Votre historique - résultats
Vous n’avez pas pris ce quiz